| Tag |
First Indicator |
Second Indicator |
Subfields |
| LEADER |
00000cam a2200000 a 4500 |
| 001 |
in00000013431 |
| 005 |
20151217121543.0 |
| 008 |
870128s1986 azua b 00010 eng d |
| 035 |
|
|
|a (OCoLC)15124673
|
| 035 |
|
|
|9 AAA7918AM
|
| 040 |
|
|
|a ORU
|c ORU
|d m/c
|d IPL
|d TXA
|d UtOrBLW
|
| 049 |
|
|
|a TXAM
|c [A12605041]
|
| 050 |
|
4 |
|a LB2835
|b .Y68 1986
|
| 100 |
1 |
|
|a Young, Ila Phillip,
|d 1947-
|
| 245 |
1 |
0 |
|a Teacher selection :
|b legal, practical, and theoretical aspects /
|c L. [as printed] Phillip Young and Dean Ryerson.
|
| 264 |
|
1 |
|a Tempe, Ariz. :
|b University Council for Educational Administration,
|c [1986]
|
| 264 |
|
4 |
|c ©1986
|
| 300 |
|
|
|a 32 pages :
|b illustrations ;
|c 23 cm.
|
| 336 |
|
|
|a text
|b txt
|2 rdacontent
|
| 337 |
|
|
|a unmediated
|b n
|2 rdamedia
|
| 338 |
|
|
|a volume
|b nc
|2 rdacarrier
|
| 490 |
1 |
|
|a UCEA monograph series
|
| 504 |
|
|
|a Bibliography: pages 29-32.
|
| 650 |
|
0 |
|a Teachers
|x Selection and appointment.
|
| 700 |
1 |
|
|a Ryerson, Dean.
|
| 710 |
2 |
|
|a University Council for Educational Administration.
|
| 830 |
|
0 |
|a UCEA monograph series (Unnumbered)
|
| 999 |
|
|
|a MARS
|
| 999 |
f |
f |
|s 25ab0923-bdd4-3b44-9c38-421739b4ef6a
|i 66ecc57b-addf-3f1b-87f1-ae0c0866fbdd
|t 0
|
| 952 |
f |
f |
|p normal
|a Texas A&M University
|b College Station
|c Sterling C. Evans Library
|d Evans: Library Stacks
|t 0
|e LB2835 .Y68 1986
|h Library of Congress classification
|i unmediated -- volume
|m A14812605041
|
| 998 |
f |
f |
|a LB2835 .Y68 1986
|t 0
|l Evans: Library Stacks
|